000 00577nam a2200217 a 4500
001 0001-2080
003 ELIB.Books
008 190722 2010 eng
020 _a8170304288
092 _a291.208
_bSha
100 _aSharama, Arvind.
245 _aWomen in World Religions
260 _aDelhi-India
_bSri Satguru Publications
_c1995
300 _c20cm
650 _aFeminist Theology
856 _nKBTS Library
_uKBTS Elib
942 _2ddc
_cBK
990 _a5
998 _aEnglishbooks.elf
_ccat
_e2019-07-22
_mcat
_u2019-07-23
999 _c12080
_d12080